000 00845cam a2200241 a 4500
020 _a9780821375778
020 _a0821375776
020 _a9780821375785 (electronic)
020 _a0821375784 (electronic)
040 _cDLC
082 0 0 _a332 WOR 2008 A010 Or.
245 0 4 _aThe Malaysia-Indonesia remittance corridor :
_bmaking formal transfers the best option for women and undocumented migrants /
260 _aWashington, D.C. :
_bWorld Bank,
_cc2008.
300 _axxi, 97 p., [1] folded leaf :
_bill. maps (some col.) ;
_c26 cm.
490 0 _aWorld Bank working paper ;
650 0 _aMigrant remittances
650 0 _aMigrant remittances
650 0 _aForeign workers, Indonesian
700 1 _aHernández-Coss, Raúl,
710 2 _aWorld Bank.
856 4 1 _uhttp://www.loc.gov/catdir/toc/ecip0817/2008019002.html
942 _cEK
999 _c13694
_d13694